The Richest Man In Babylon/ (Record no. 204871)

MARC details
000 -LEADER
fixed length control field 00573nam a22002057a 4500
005 - DATE AND TIME OF LATEST TRANSACTION
control field 20241011152902.0
010 ## - LCCN (DPL NO)
LC control number ENG-141235 ENG-142115
020 ## - INTERNATIONAL STANDARD BOOK NUMBER
Terms of availability 250.00
International Standard Book Number 9789357943185
035 ## - SYSTEM CONTROL NUMBER
System control number EN-124767
035 ## - SYSTEM CONTROL NUMBER
System control number EN-125647
037 ## - SOURCE OF ACQUISITION
Source of stock number/acquisition DBAD
082 ## - DEWEY DECIMAL CLASSIFICATION NUMBER
Classification number S
100 ## - MAIN ENTRY--PERSONAL NAME
Personal name clason, george s.
245 ## - TITLE STATEMENT
Title The Richest Man In Babylon/
Statement of responsibility, etc By George S. Clason
250 ## - EDITION STATEMENT
Edition statement 1
260 ## - PUBLICATION, DISTRIBUTION, ETC. (IMPRINT)
Place of publication, distribution, etc New Delhi
Name of publisher, distributor, etc value& substance publisher's
Date of publication, distribution, etc 2021
270 ## - ADDRESS
City New Delhi
Address F-2/16, Ansari Road, Daryaganj,
Postal code 110002
300 ## - PHYSICAL DESCRIPTION
Extent 109p
Dimensions 22cm(pbk)
942 ## - ADDED ENTRY ELEMENTS (KOHA)
Source of classification or shelving scheme Dewey Decimal Classification
Item type English Books
Classification part S
Call number suffix CLA
Holdings
Withdrawn status Lost status Not for loan Collection code Home library Current library Date acquired Source of acquisition Cost, normal purchase price Full call number Barcode Copy number Cost, replacement price Koha item type
      Fiction Patel Nagar Patel Nagar 06/08/2024 DBAD 250.00 S CLA EN-124767 1 250.00 English Books
      Fiction Sarojini Nagar Sarojini Nagar 11/10/2024 Delivery of Books Act Division 250.00 S CLA EN-125647 1 250.00 English Books

© Delhi Public Library
Hit Counter
free hit counter